000 00981nam a22001457a 4500
999 _c527946
_d527946
008 241009b ||||| |||| 00| 0 eng d
100 _aSrivastava, Jintendra
_959175
245 _aSwachh Bharat Mission: Impact on rural sanitation & Smart approach for sustained sanitation success
260 _aYojana
300 _a68(10), Oct, 2024: p.7-12
520 _aThe success of SBM likes not only in the infrastructure it cares but in the values It instills making cleanliness a shared responsibility for every citizen. This cultural shift is key to ensuring that the gains made under SBM are sustained for generations to come. As India works towards the gals of Viksit Bharat 2047 a developed India by its centenary of Independence the Swachh Bharat mission will continue to play a critical role in improving public health, empowering women, protecting the environment, and driving economic growth. – Reproduced
773 _aYojana
906 _aSANITATION
942 _cAR